Penulis dan undang-undang
| Main Author: | |
|---|---|
| Format: | Book |
| Published: |
Kuala LumpurbDewan Bahasa dan Pustaka ,
1990
|
| Subjects: |
MARC
| LEADER | 00000cam a2200000 7i4500 | ||
|---|---|---|---|
| 001 | 0000054393 | ||
| 005 | 20151105.0 | ||
| 008 | 151105 | ||
| 020 | |a 9836214895 | ||
| 090 | 0 | 0 | |a 340 |b KAM |
| 100 | 0 | |a Kamal Halili Hassan | |
| 245 | 1 | 0 | |a Penulis dan undang-undang |c Kamal Halili Hassan |
| 260 | |a Kuala LumpurbDewan Bahasa dan Pustaka , |c 1990 | ||
| 300 | |a 148pg. | ||
| 500 | |a Includes bibliography, index | ||
| 650 | 0 | |a Law | |
| 999 | |a 0000151631 |b Book |c Adult Collection |e Cawangan Mersing | ||
| 999 | |a 0000151635 |b Book |c Adult Collection |e Cawangan Muar | ||